Reader's choice / (Record no. 9009)
[ view plain ]
| 000 -LEADER | |
|---|---|
| fixed length control field | 01345nac a22003495a 4500 |
| 003 - CONTROL NUMBER IDENTIFIER | |
| control field | EG-ScBUE |
| 005 - DATE AND TIME OF LATEST TRANSACTION | |
| control field | 20200205101320.0 |
| 008 - FIXED-LENGTH DATA ELEMENTS--GENERAL INFORMATION | |
| fixed length control field | 090810t20022002miua f b 000 0 eng d |
| 020 ## - INTERNATIONAL STANDARD BOOK NUMBER | |
| International Standard Book Number | 0472086685 |
| 020 ## - INTERNATIONAL STANDARD BOOK NUMBER | |
| International Standard Book Number | 9780472086689 |
| 040 ## - CATALOGING SOURCE | |
| Original cataloging agency | EG-ScBUE |
| Language of cataloging | eng |
| Description conventions | rda |
| Transcribing agency | EG-ScBUE |
| Modifying agency | EG-ScBUE |
| 082 04 - DEWEY DECIMAL CLASSIFICATION NUMBER | |
| Classification number | 428.64 |
| Item number | SIL |
| Edition number | 22 |
| 100 1# - MAIN ENTRY--PERSONAL NAME | |
| Personal name | Silberstein, Sandra, |
| Dates associated with a name | 1948- |
| Relator term | author. |
| 9 (RLIN) | 8415 |
| 245 10 - TITLE STATEMENT | |
| Title | Reader's choice / |
| Statement of responsibility, etc | Sandra Silberstein, University of Washington, Barbara K. Dobson, University of Michigan, Mark A. Clarke, University of Colorado at Denver. |
| 250 ## - EDITION STATEMENT | |
| Edition statement | Fourth edition, revised and updated. |
| 264 #1 - PUBLICATION, DISTRIBUTION, ETC. (IMPRINT) | |
| Place of publication, distribution, etc | Ann Arbor, Michigan : |
| Name of publisher, distributor, etc | University of Michigan Press, |
| Date of publication, distribution, etc | [2002] |
| 264 #4 - PUBLICATION, DISTRIBUTION, ETC. (IMPRINT) | |
| Date of publication, distribution, etc | c2002 |
| 300 ## - PHYSICAL DESCRIPTION | |
| Extent | xxvi, 410 pages : |
| Other physical details | illustrations ; |
| Dimensions | 28 cm |
| 336 ## - CONTENT TYPE | |
| Content type term | text |
| Content type code | txt |
| Source | rdacontent |
| 337 ## - MEDIA TYPE | |
| Media type term | unmediated |
| Media type code | n |
| Source | rdamedia |
| 338 ## - CARRIER TYPE | |
| Carrier type term | volume |
| Carrier type code | nc |
| Source | rdacarrier |
| 504 ## - BIBLIOGRAPHY, ETC. NOTE | |
| Bibliography, etc | Includes bibliographical references. |
| 650 #7 - SUBJECT ADDED ENTRY--TOPICAL TERM | |
| Topical term or geographic name as entry element | College readers. |
| Source of heading or term | BUEsh |
| 9 (RLIN) | 8412 |
| 650 #7 - SUBJECT ADDED ENTRY--TOPICAL TERM | |
| Topical term or geographic name as entry element | English language |
| General subdivision | Study and teaching |
| -- | Foreign speakers. |
| Source of heading or term | BUEsh |
| 651 ## - SUBJECT ADDED ENTRY--GEOGRAPHIC NAME | |
| Source of heading or term | BUEsh |
| 653 ## - INDEX TERM--UNCONTROLLED | |
| Resource For college | Humanities: English |
| Arrived date list | August2015 |
| 700 1# - ADDED ENTRY--PERSONAL NAME | |
| Personal name | Clarke, Mark A., |
| Relator term | author. |
| 9 (RLIN) | 8413 |
| 700 1# - ADDED ENTRY--PERSONAL NAME | |
| Personal name | Dobson, Barbara K., |
| Relator term | author. |
| 9 (RLIN) | 8414 |
| 700 1# - ADDED ENTRY--PERSONAL NAME | |
| Personal name | Silberstein, Sandra, |
| Dates associated with a name | 1948- |
| 9 (RLIN) | 8415 |
| 710 2# - ADDED ENTRY--CORPORATE NAME | |
| Corporate name or jurisdiction name as entry element | University of Michigan. |
| Subordinate unit | English Language Institute. |
| 9 (RLIN) | 8416 |
| 942 ## - ADDED ENTRY ELEMENTS (KOHA) | |
| Koha item type | Book - Borrowing |
| Source of classification or shelving scheme | Dewey Decimal Classification |
| Withdrawn status | Lost status | Source of classification or shelving scheme | Damaged status | Not for loan | Collection code | Home library | Current library | Shelving location | Date acquired | Source of acquisition | Total Checkouts | Full call number | Barcode | Date last seen | Koha item type | Materials specified (bound volume or other part) | Total Renewals | Date checked out |
|---|---|---|---|---|---|---|---|---|---|---|---|---|---|---|---|---|---|---|
| Dewey Decimal Classification | Central Library | Central Library | Second Floor | 03/04/2008 | 428.64 SIL | 000010410 | 15/07/2025 | NB - Book (Non borrowing) | ||||||||||
| Dewey Decimal Classification | Central Library | Central Library | Second Floor | 10/08/2009 | Purchase | 1 | 428.64 SIL | 000010507 | 15/07/2025 | Book - Borrowing | 2 | 24/09/2014 |